000 002790000a22001330004500
020 _a958-30-2259-4
082 0 4 _aB P191l
110 1 _aPanamericana Editorial
245 1 0 _aMi libro
260 _aBogotá : Panamericana
500 _aLibro de tela
001 1342
942 _cLGB
999 _c48509
_d48509